000 01849nam a22002657a 4500
005 20251124130658.0
008 251124s2024 xxk|||||o|||| 00| 0 eng d
020 _a9781783215669
041 _aeng
100 _aZehra, Kisa
110 _aRoyal Institution of Chartered Surveyors
245 _aRICS sustainability report 2025
_h[Electronic resource]
260 _aLondon,
_bRoyal Institution of Chartered Surveyors,
_cNovember 2025
300 _a35p.
520 _aRICS’ Sustainability report 2025 examines sentiments from over 3,500 global professionals in the commercial real estate and construction sectors, in order to understand how the climate agenda is shaping trends and practices across the world. This year’s report suggests that demand growth for green buildings has slowed, and the sector remains stagnant in adopting sustainable practices. While the 2025 RICS Sustainable Building Index (SBI) remains in positive territory, there are clear signs that momentum is stalling in the market. The report highlights that professional skills and knowledge should be developed to make meaningful progress in adopting sustainable practices. It also suggests that regulatory policies are more important than ever, as government support and collaborative partnerships will be essential to address ambitious climate goals.
650 _aSUSTAINABILITY
650 _aBUILT ENVIRONMENT
650 _aENVIRONMENT
651 _aInternational
690 _96271
_aSustainability
710 _aRoyal Institution of Chartered Surveyors
856 _uhttps://www.rics.org/content/dam/ricsglobal/documents/reports/Sustainability-report-2025.pdf
_zAvailable free on RICS.org
856 _uhttps://www.rics.org/content/dam/ricsglobal/documents/reports/Sustainability-Report-2025-Infographic.pdf
_zView the infographic here
942 _n0
999 _c122226
_d122226